书目信息 |
| 题名: |
液体晃动动力学基础
|
|
| 作者: | 李遇春 著 | |
| 分册: | ||
| 出版信息: | 北京 科学出版社 2017 |
|
| 页数: | 202页 | |
| 开本: | 24cm | |
| 丛书名: | ||
| 单 册: | ||
| 中图分类: | O351.2 | |
| 科图分类: | ||
| 主题词: | 液体动力学 | |
| 电子资源: | ||
| ISBN: | 978-7-03-051686-2 | |
| 000 | 00914nam0 2200217 450 | |
| 001 | 3702 | |
| 005 | 20181008132739.90 | |
| 010 | @a978-7-03-051686-2@dCNY75.00 | |
| 100 | @a20170802d2017 em y0chiy50 ea | |
| 101 | 0 | @achi |
| 102 | @aCN@b110000 | |
| 105 | @aa z 000yy | |
| 200 | 1 | @a液体晃动动力学基础@9ye ti huang dong dong li xue ji chu@f李遇春著 |
| 210 | @a北京@c科学出版社@d2017 | |
| 215 | @a202页@c图@d24cm | |
| 330 | @a本书主要论述土木与水利工程中的液体晃动动力学问题,介绍了液体晃动的基本原理、求解问题的基本方法、液体晃动的动力学特征以及实际的工程应用。全书共9章,内容包括:理想流体晃动的势流理论,液体晃动模态分析,液体的强迫晃动,液体晃动阻尼,液体的参数晃动,液体晃动的数值模拟方法,液体晃动的等效力学模型,液体晃动与结构的相互作用等。 | |
| 606 | 0 | @a液体动力学 |
| 690 | @aO351.2@v5 | |
| 701 | 0 | @a李遇春@9li yu chun@f(1962.2-)@4著 |
| 801 | 0 | @aCN@b91MARC@c20170802 |
| 905 | @aMuseLib@dO351.2@e73 | |
| 液体晃动动力学基础/李遇春著.-北京:科学出版社,2017 |
| 202页:图;24cm |
| ISBN 978-7-03-051686-2:CNY75.00 |
| 本书主要论述土木与水利工程中的液体晃动动力学问题,介绍了液体晃动的基本原理、求解问题的基本方法、液体晃动的动力学特征以及实际的工程应用。全书共9章,内容包括:理想流体晃动的势流理论,液体晃动模态分析,液体的强迫晃动,液体晃动阻尼,液体的参数晃动,液体晃动的数值模拟方法,液体晃动的等效力学模型,液体晃动与结构的相互作用等。 |
| ● |
| 相关链接 |
|
|
|
|
正题名:液体晃动动力学基础
索取号:O351.2/73
 
预约/预借
| 序号 | 登录号 | 条形码 | 馆藏地/架位号 | 状态 | 备注 |
| 1 | 1123302 | 211233020 | 第二样本阅览室/ [索取号:O351.2/73] | 在馆 | |
| 2 | 1123303 | 211233039 | 第三借阅区/ [索取号:O351.2/73] | 在馆 | |
| 3 | 1123304 | 211233048 | 第三借阅区/ [索取号:O351.2/73] | 在馆 | |
| 4 | 1123305 | 211233057 | 第三借阅区/ [索取号:O351.2/73] | 在馆 | |
| 5 | 1123306 | 211233066 | 密集书库-物理学院/ [索取号:O351.2/73] | 在馆 |